[Event "XXX Memorial Edoardo Crespi B"]
[Site "Milano ITA"]
[Date "2009.12.07"]
[Round "6"]
[White "Riccio, Luigi"]
[Black "Kimbin, Richard Conrod"]
[Result "1-0"]
[WhiteElo "1840"]
[BlackElo "1935"]
[PlyCount "91"]
[EventDate "2009.12.04"]

1. e4 c5 2. Nc3 d6 3. Nge2 Nf6 4. g3 Bg4 5. Bg2 Nc6 6. h3 Bh5 7. O-O e6 8. f4
Bxe2 9. Qxe2 Nd4 10. Qd1 e5 11. fxe5 dxe5 12. d3 h6 13. Nd5 Be7 14. Be3 O-O 15.
Rf2 Nxd5 16. exd5 Bg5 17. Qd2 Nb5 18. h4 Bxe3 19. Qxe3 Qd6 20. Raf1 Rae8 21.
Be4 Qb6 22. h5 Nd6 23. c4 Qc7 24. g4 b6 25. g5 Nxe4 26. dxe4 hxg5 27. Qxg5 Qe7
28. Rf6 Kh7 29. Kh2 Rg8 30. Qf5+ Kh8 31. Rxf7 Qh4+ 32. Kg2 Re7 33. Rh1 Rxf7 34.
Rxh4 Rxf5 35. exf5 Rf8 36. Kf3 Rxf5+ 37. Ke4 Rf2 38. Rh3 Kg8 39. Rf3 Re2+ 40.
Kd3 Rxb2 41. d6 e4+ 42. Kxe4 Rd2 43. Ke5 Rd4 44. Ke6 Re4+ 45. Kd5 Re8 46. d7
1-0

[Event "XXX Memorial Edoardo Crespi B"]
[Site "Milano ITA"]
[Date "2009.02.07"]
[Round "6"]
[White "Rossi, Giampiero"]
[Black "Vallone, Ugo"]
[Result "1/2-1/2"]
[WhiteElo "1936"]
[BlackElo "1784"]
[PlyCount "105"]
[EventDate "2009.12.04"]

1. d4 c6 2. c4 d6 3. g3 h5 4. Nf3 Bg4 5. Bg2 g6 6. Nc3 Bg7 7. h3 Bxf3 8. Bxf3
Qb6 9. e3 Nd7 10. Qd2 Rd8 11. b3 e5 12. dxe5 Bxe5 13. Bb2 Qc7 14. Rc1 Qa5 15.
O-O h4 16. g4 Ne7 17. Rfd1 Nc8 18. Bg2 Ke7 19. Nd5+ cxd5 20. Qxa5 Bxb2 21. Rc2
Bf6 22. Qxd5 b6 23. f4 Rhe8 24. e4 Kf8 25. g5 Be7 26. Rcd2 Nc5 27. e5 Ne6 28.
exd6 Bxd6 29. Qf3 Bc5+ 30. Kh1 Rxd2 31. Rxd2 Nd4 32. Qd1 Nf5 33. Rd8 Ncd6 34.
Rxe8+ Kxe8 35. Qf3 a5 36. Qa8+ Ke7 37. Qa7+ Kf8 38. Bd5 Ng3+ 39. Kg2 Ne2 40.
Kf3 Nd4+ 41. Kg4 N4f5 42. Qb8+ Kg7 43. Qd8 Ne3+ 44. Kf3 Nef5 45. Qf6+ Kf8 46.
Qh8+ Ke7 47. Qe5+ Kf8 48. Qh8+ Ke7 49. Qf6+ Kf8 50. Qd8+ Kg7 51. Qc7 Kf8 52.
Qd8+ Kg7 53. Qf6+ 1/2-1/2

[Event "XXX Memorial Edoardo Crespi B"]
[Site "Milano ITA"]
[Date "2009.12.07"]
[Round "6"]
[White "Scarpellini, Felice"]
[Black "Baccarin, Stefano"]
[Result "1-0"]
[WhiteElo "1803"]
[BlackElo "1840"]
[PlyCount "62"]
[EventDate "2009.12.04"]

1. c4 Nf6 2. Nc3 g6 3. g3 Bg7 4. Bg2 O-O 5. e4 d6 6. Nge2 c5 7. O-O Nc6 8. d3
Ne8 9. f4 f5 10. Be3 Nf6 11. Kh1 fxe4 12. dxe4 Be6 13. b3 Ng4 14. Bg1 Qd7 15.
Rc1 Rac8 16. Nd5 Nf6 17. Qd3 Nxd5 18. exd5 Nb4 19. dxe6 Qxe6 20. Qd2 Qd7 21. a3
Na6 22. Nc3 e6 23. a4 b6 24. Rcd1 Rfd8 25. Nb5 Bf8 26. Qe3 Nb4 27. Rfe1 Re8 28.
a5 a6 29. Nc3 Bg7 30. Ne4 d5 31. cxd5 exd5 1-0

[Event "XXX Memorial Edoardo Crespi B"]
[Site "Milano ITA"]
[Date "2009.12.07"]
[Round "6"]
[White "Trent, Alan M."]
[Black "Conta, Diego"]
[Result "1/2-1/2"]
[WhiteElo "1848"]
[BlackElo "1749"]
[PlyCount "44"]
[EventDate "2009.12.04"]

1. e4 e5 2. Nf3 Nc6 3. Bc4 Bc5 4. d3 Nf6 5. O-O O-O 6. Nc3 d6 7. h3 h6 8. Be3
Bb6 9. a3 Na5 10. Qe2 Nxc4 11. dxc4 a6 12. Rad1 Bxe3 13. Qxe3 Qe7 14. b4 Bd7
15. Rd2 b5 16. Nd5 Nxd5 17. cxd5 f5 18. exf5 Bxf5 19. Re1 Qf6 20. Qc3 Bxh3 21.
gxh3 Qxf3 22. Qxf3 Rxf3 1/2-1/2

[Event "XXX Memorial Edoardo Crespi B"]
[Site "Milano ITA"]
[Date "2009.12.07"]
[Round "6"]
[White "Virzi, Ettore"]
[Black "Marinc, Damir"]
[Result "1-0"]
[WhiteElo "1974"]
[BlackElo "2022"]
[PlyCount "77"]
[EventDate "2009.12.04"]

1. e4 e5 2. Nf3 Nc6 3. Bb5 a6 4. Ba4 Nf6 5. O-O Nxe4 6. d4 b5 7. Bb3 d5 8. dxe5
Be6 9. Nbd2 Nc5 10. c3 g6 11. Bc2 Bg7 12. Re1 O-O 13. Nb3 Nd7 14. Nbd4 Na5 15.
Ng5 Re8 16. Ndxe6 fxe6 17. f4 Nf8 18. Re3 Qe7 19. Rg3 Nc6 20. Be3 Nd8 21. b4
Nf7 22. Bc5 Qd7 23. Bxf8 Nxg5 24. Bxg7 Qxg7 25. Rxg5 Qf7 26. Qg4 Re7 27. h4 Kf8
28. h5 gxh5 29. Qxh5 Qxh5 30. Rxh5 a5 31. Rxh7 Rxh7 32. Bxh7 axb4 33. cxb4 Ke7
34. Bd3 c6 35. a3 Rf8 36. g3 Ra8 37. Kg2 Ra7 38. g4 Ra8 39. Kg3 1-0

[Event "XXX Memorial Edoardo Crespi B"]
[Site "Milano ITA"]
[Date "2009.12.08"]
[Round "7"]
[White "Acunzo, Domenico"]
[Black "Rossi, Giampiero"]
[Result "1/2-1/2"]
[WhiteElo "1808"]
[BlackElo "1936"]
[PlyCount "55"]
[EventDate "2009.12.04"]

1. e4 c5 2. Nf3 e6 3. d4 cxd4 4. Nxd4 a6 5. c4 Nf6 6. Nc3 d6 7. Be2 Bd7 8. O-O
Nc6 9. Nc2 Be7 10. Be3 O-O 11. f4 Qb8 12. g4 Be8 13. g5 Nd7 14. h4 Bd8 15. Qe1
Bb6 16. Qg3 Qc7 17. Rf2 Bxe3 18. Nxe3 Nd4 19. f5 Nxe2+ 20. Rxe2 Ne5 21. f6 Bc6
22. Rf1 b6 23. fxg7 Kxg7 24. Rf6 Qe7 25. Ng4 Nxg4 26. Qxg4 Rg8 27. Ref2 Raf8
28. Qh5 1/2-1/2

[Event "XXX Memorial Edoardo Crespi B"]
[Site "Milano ITA"]
[Date "2009.12.08"]
[Round "7"]
[White "Attuati, Stefano"]
[Black "Trent, Alan M."]
[Result "1-0"]
[WhiteElo "1801"]
[BlackElo "1848"]
[PlyCount "103"]
[EventDate "2009.12.04"]

1. e4 c6 2. d4 g6 3. c4 d5 4. cxd5 cxd5 5. exd5 Qxd5 6. Nc3 Qa5 7. Nf3 Bg7 8.
Bd2 Nf6 9. Rc1 Nc6 10. Bc4 O-O 11. O-O Bg4 12. Be2 Qd8 13. Be3 Nd5 14. h3 Nxc3
15. bxc3 Be6 16. c4 Bf5 17. d5 Ne5 18. Nd4 Bc8 19. f4 Nd7 20. f5 Nf6 21. fxg6
fxg6 22. Qb3 Ne4 23. Rxf8+ Qxf8 24. Re1 Kh8 25. Qc2 Ng3 26. Bg4 h5 27. Bxc8
Rxc8 28. Qxg6 h4 29. Ne6 Qf6 30. Qxg7+ Qxg7 31. Nxg7 Kxg7 32. Bxa7 Rxc4 33.
Rxe7+ Kf8 34. Rxb7 Rc1+ 35. Kf2 Rc2+ 36. Kf3 Rc3+ 37. Kg4 Rc4+ 38. Kf3 Rc3+ 39.
Kf4 Rc4+ 40. Ke5 Re4+ 41. Kf6 Rf4+ 42. Kg5 Rc4 43. Kf6 Ne4+ 44. Ke5 Ng5 45. d6
Nf7+ 46. Kd5 Rc2 47. Rb8+ Kg7 48. Bd4+ Kg6 49. Rg8+ Kf5 50. d7 Rxa2 51. Rf8
Ra5+ 52. Bc5 1-0

[Event "XXX Memorial Edoardo Crespi B"]
[Site "Milano ITA"]
[Date "2009.12.08"]
[Round "7"]
[White "Baccarin, Stefano"]
[Black "Alidosi, Marco"]
[Result "1/2-1/2"]
[WhiteElo "1840"]
[BlackElo "1789"]
[PlyCount "105"]
[EventDate "2009.12.04"]

1. e4 e6 2. d4 d5 3. Nc3 Bb4 4. e5 c5 5. a3 Bxc3+ 6. bxc3 Qc7 7. Nf3 b6 8. Bd3
Ba6 9. O-O Bxd3 10. Qxd3 Ne7 11. a4 Nbc6 12. Ba3 c4 13. Qe3 O-O 14. Qg5 f6 15.
Qg4 Qd7 16. Rae1 fxe5 17. Nxe5 Nxe5 18. Rxe5 Rf6 19. Rfe1 Nf5 20. Qe2 Re8 21.
g4 Nh4 22. Re3 Qf7 23. Rf1 Ng6 24. Bd6 Nf4 25. Qd2 Ng6 26. Rg3 Qd7 27. Be5 Nxe5
28. dxe5 Rf7 29. Ra1 Ref8 30. Rg2 Rf4 31. a5 Qc7 32. axb6 Qxb6 33. Qe3 Qb2 34.
Qxa7 Qxc3 35. Rc1 Qxe5 36. Qe3 Re4 37. Qd2 Rff4 38. h3 Re2 39. Qa5 Qd4 40. Re1
Qe4 41. Rxe2 Qxe2 42. Qc7 Qd2 43. Qe7 Qe1+ 44. Kh2 Qe5 45. Kg1 Qf6 46. Qe8+ Qf8
47. Qxe6+ Qf7 48. Qd6 h6 49. Kf1 Rf6 50. Qb8+ Kh7 51. Qb1 c3 52. Qd1 Rf3 53.
Rh2 1/2-1/2

[Event "XXX Memorial Edoardo Crespi B"]
[Site "Milano ITA"]
[Date "2009.12.08"]
[Round "7"]
[White "Bernago, Federico"]
[Black "Riccio, Luigi"]
[Result "0-1"]
[WhiteElo "1960"]
[BlackElo "1840"]
[PlyCount "138"]
[EventDate "2009.12.04"]

1. e4 c5 2. Nf3 e6 3. d3 Nc6 4. g3 d5 5. Nbd2 Nf6 6. Bg2 dxe4 7. dxe4 e5 8. O-O
Be7 9. c3 O-O 10. Qc2 Be6 11. Re1 h6 12. Nh4 Re8 13. Nf5 Bf8 14. Ne3 Ne7 15.
Nf3 Qc7 16. Bd2 c4 17. Rad1 Rad8 18. Bc1 b5 19. Nh4 g6 20. h3 Kh7 21. Re2 Qc8
22. Kh2 Rxd1 23. Qxd1 Rd8 24. Rd2 Rxd2 25. Qxd2 Qd7 26. Qxd7 Nxd7 27. f4 Nc5
28. Nd1 Nd3 29. Be3 Nc6 30. Nf3 f6 31. Bf1 Nc5 32. Nd2 Bd6 33. Kg2 Kg7 34. Be2
Kf7 35. Nf2 Kg7 36. Nd1 a5 37. Bxc5 Bxc5 38. a4 bxa4 39. Bxc4 Bxc4 40. Nxc4 Kf7
41. Kf3 Ke6 42. Nde3 exf4 43. gxf4 g5 44. f5+ Kf7 45. Kg4 Bxe3 46. Nxe3 Ne5+
47. Kg3 Nd3 48. Nc4 Nxb2 49. Nxa5 Ke7 50. Kg4 Nd3 51. Kh5 Nc5 52. Nc6+ Kd6 53.
Nb4 a3 54. Kxh6 Nxe4 55. Na2 Ke5 56. Kg6 Nd6 57. Nb4 Nxf5 58. Nd3+ Ke4 59. Nc5+
Kd5 60. Nb3 Ke5 61. c4 Nd4 62. Nc1 Ne2 63. Nd3+ Kd4 64. Nb4 Kxc4 65. Nc2 a2 66.
Kxf6 Kb3 67. Na1+ Kb2 68. Kxg5 Kxa1 69. h4 Kb1 0-1

[Event "XXX Memorial Edoardo Crespi B"]
[Site "Milano ITA"]
[Date "2009.12.08"]
[Round "7"]
[White "Bernasconi, Roberto"]
[Black "Scarpellini, Felice"]
[Result "1-0"]
[WhiteElo "1941"]
[BlackElo "1803"]
[PlyCount "85"]
[EventDate "2009.12.04"]

1. e4 d6 2. d4 g6 3. Nc3 Bg7 4. f4 a6 5. Nf3 b5 6. Bd3 Bb7 7. O-O Nd7 8. e5 e6
9. Ne4 Bxe4 10. Bxe4 d5 11. Bd3 c5 12. dxc5 Nxc5 13. Be3 Rc8 14. Bxc5 Rxc5 15.
a4 bxa4 16. Rxa4 Ne7 17. Rxa6 O-O 18. Nd4 Qc8 19. b4 Rc7 20. Qa1 Nc6 21. Nxc6
Rxc6 22. b5 Rc3 23. Qa4 Qc5+ 24. Kh1 Rb8 25. Rc6 Qa3 26. Qxa3 Rxa3 27. b6 Bf8
28. Rb1 Kg7 29. g3 Ra5 30. Kg2 Bc5 31. b7 Ba7 32. Kf3 h6 33. g4 Ra3 34. f5 h5
35. fxe6 hxg4+ 36. Kxg4 Ra4+ 37. Kf3 f5 38. Rc7+ Kh6 39. e7 g5 40. Rc8 Rf4+ 41.
Ke2 Rf2+ 42. Ke1 Rg2 43. e8=Q 1-0

[Event "XXX Memorial Edoardo Crespi B"]
[Site "Milano ITA"]
[Date "2009.12.08"]
[Round "7"]
[White "Bisignano, Riccardo"]
[Black "Ciciotti, Augusto"]
[Result "0-1"]
[WhiteElo "1937"]
[BlackElo "1878"]
[PlyCount "102"]
[EventDate "2009.12.04"]

1. e4 c5 2. Nc3 Nc6 3. g3 g6 4. Bg2 Bg7 5. d3 d6 6. Nge2 e6 7. Be3 Nge7 8. Qd2
Nd4 9. O-O O-O 10. f4 Rb8 11. Rab1 a5 12. a3 Bd7 13. g4 f5 14. exf5 exf5 15. g5
Bc6 16. Ng3 Qd7 17. Rbe1 Rfe8 18. Nd1 Nd5 19. Bf2 a4 20. Kh1 b6 21. Bxd4 cxd4
22. c4 Ne3 23. Nxe3 dxe3 24. Rxe3 Rxe3 25. Qxe3 Bxb2 26. Rb1 Bxg2+ 27. Kxg2
Qc6+ 28. Kh3 Re8 29. Qf2 Bxa3 30. Rxb6 Qc5 31. Qa2 Qxb6 32. Qxa3 Ra8 33. Qc3
Qd8 34. Qa3 Qd7 35. Ne2 Re8 36. Qa2 Re3+ 37. Kh4 h5 38. Nc3 Rxd3 39. Nd5 Qe6
40. Nf6+ Kf7 41. Qb1 Rb3 42. Qd1 Ke7 43. Qg1 Kd8 44. Qd1 Kc8 45. Nd5 Qe4 46.
Qa1 Qe8 47. Qd1 Kb7 48. Qd2 Rb1 49. Ne3 Qe4 50. Qxd6 Qxe3 51. Qxg6 Qxf4+ 0-1

[Event "XXX Memorial Edoardo Crespi B"]
[Site "Milano ITA"]
[Date "2009.12.08"]
[Round "7"]
[White "Carbone, Lorenzo"]
[Black "Papa, Angelo"]
[Result "1/2-1/2"]
[WhiteElo "1808"]
[BlackElo "1890"]
[PlyCount "48"]
[EventDate "2009.12.04"]

1. e4 g6 2. d4 Bg7 3. Nf3 d6 4. c3 Nf6 5. Bd3 O-O 6. Na3 Nc6 7. d5 Nb8 8. O-O
e5 9. h3 a5 10. Be3 Na6 11. Qd2 Nc5 12. Bxc5 dxc5 13. c4 Nh5 14. Nb5 Bd7 15.
Nc3 Qf6 16. Qg5 Qxg5 17. Nxg5 h6 18. Nf3 f5 19. Kh2 Rf7 20. Bc2 Raf8 21. Nh4
Kh7 22. Rac1 f4 23. Bd1 Bf6 24. Nf3 Ng7 1/2-1/2

[Event "XXX Memorial Edoardo Crespi B"]
[Site "Milano ITA"]
[Date "2009.12.08"]
[Round "7"]
[White "Cartella, Giovanni"]
[Black "Bertazzoli, Giulio"]
[Result "0-1"]
[WhiteElo "1872"]
[BlackElo "1857"]
[PlyCount "62"]
[EventDate "2009.12.04"]

1. d4 Nf6 2. Nf3 g6 3. Bg5 Bg7 4. e3 d6 5. Bd3 O-O 6. Bxf6 Bxf6 7. h4 h5 8. c3
Bg4 9. Qb3 e6 10. Nh2 d5 11. Nxg4 hxg4 12. Qd1 Nd7 13. Qxg4 Bg7 14. Nd2 e5 15.
O-O-O e4 16. Bc2 b5 17. h5 Nf6 18. Qh3 Nxh5 19. g4 Nf6 20. Bxe4 dxe4 21. Nxe4
Re8 22. Nc5 Ne4 23. Nd3 b4 24. cxb4 a5 25. Rh2 axb4 26. Nxb4 Qf6 27. f4 Qd6 28.
a3 c5 29. dxc5 Qxc5+ 30. Rc2 Qb5 31. Kb1 Rec8 0-1

[Event "XXX Memorial Edoardo Crespi B"]
[Site "Milano ITA"]
[Date "2009.12.08"]
[Round "7"]
[White "Casamassima, Paolo"]
[Black "Casartelli, Fabio"]
[Result "0-1"]
[WhiteElo "1747"]
[BlackElo "1908"]
[PlyCount "84"]
[EventDate "2009.12.04"]

1. e4 e5 2. Nf3 Nf6 3. Nc3 Bb4 4. d3 d5 5. exd5 Nxd5 6. Bd2 Nc6 7. Nxd5 Bxd2+
8. Qxd2 Qxd5 9. c4 Qd6 10. Be2 O-O 11. O-O Bg4 12. Rad1 Rad8 13. Qe3 Rfe8 14.
Rfe1 h6 15. h3 Bh5 16. a3 b6 17. b4 f6 18. Qe4 Nd4 19. g4 f5 20. gxf5 Nxe2+ 21.
Rxe2 Qf6 22. Re3 Rf8 23. Rd2 Bxf3 24. Rxf3 Qg5+ 25. Rg3 Qxd2 26. Qxe5 Rf7 27.
f6 Rdf8 28. Qe6 g5 29. h4 Qf4 30. hxg5 hxg5 31. Rg4 Qxf6 32. Qxf6 Rxf6 33.
Rxg5+ Kh7 34. Re5 Rxf2 35. d4 R8f7 36. d5 Rd2 37. c5 Rd7 38. cxb6 cxb6 39. a4
R2xd5 40. Re6 Rd4 41. a5 Rxb4 42. axb6 Rxb6 0-1

[Event "XXX Memorial Edoardo Crespi B"]
[Site "Milano ITA"]
[Date "2009.12.08"]
[Round "7"]
[White "Chiesa, Matteo"]
[Black "Cardani, Roberto"]
[Result "1-0"]
[WhiteElo "1839"]
[BlackElo "1960"]
[PlyCount "81"]
[EventDate "2009.12.04"]

1. d4 Nf6 2. c4 e6 3. Nc3 Bb4 4. Qc2 O-O 5. Nf3 c5 6. e3 cxd4 7. exd4 d5 8. Bg5
Nc6 9. O-O-O Be7 10. a3 Qa5 11. Ne5 dxc4 12. f4 Nxe5 13. dxe5 Nd5 14. Bxe7 Nxe7
15. Bxc4 Nf5 16. Qe4 Qc5 17. Rhe1 Rb8 18. b4 Qe7 19. Bd3 g6 20. g4 Ng7 21. Nb5
Rd8 22. Bc2 Ne8 23. Rxd8 Qxd8 24. Rd1 Qb6 25. Nd6 Bd7 26. h4 Bc6 27. Qe2 a5 28.
b5 Bd5 29. Nxe8 Rxe8 30. Kb2 Rc8 31. Bb3 Bxb3 32. Kxb3 Qc5 33. Rd2 Qc3+ 34. Ka2
a4 35. Qd3 Qc1 36. f5 exf5 37. gxf5 Qc4+ 38. Qxc4 Rxc4 39. f6 h5 40. Rd8+ Kh7
41. e6 1-0

[Event "XXX Memorial Edoardo Crespi B"]
[Site "Milano ITA"]
[Date "2009.12.08"]
[Round "7"]
[White "Conta, Diego"]
[Black "Colombo, Luca"]
[Result "1-0"]
[WhiteElo "1749"]
[BlackElo "1886"]
[PlyCount "43"]
[EventDate "2009.12.04"]

1. d4 Nf6 2. Nf3 d5 3. Bg5 e6 4. c4 c6 5. Nc3 Be7 6. e3 O-O 7. Bd3 Nbd7 8. O-O
dxc4 9. Bxc4 b5 10. Bd3 a6 11. Qc2 Bb7 12. Rad1 Qc7 13. Bxh7+ Kh8 14. Bd3 c5
15. Be4 Rac8 16. Bxb7 Qxb7 17. Qe2 g6 18. Ne5 Nxe5 19. dxe5 Nd5 20. Bxe7 Nxc3
21. Bf6+ Kg8 22. bxc3 1-0

[Event "XXX Memorial Edoardo Crespi B"]
[Site "Milano ITA"]
[Date "2009.12.08"]
[Round "7"]
[White "Di Paola, Antonio"]
[Black "Krstic, Dragan"]
[Result "0-1"]
[WhiteElo "1749"]
[BlackElo "1810"]
[PlyCount "42"]
[EventDate "2009.12.04"]

1. d4 Nf6 2. c4 c5 3. d5 d6 4. Nc3 g6 5. e4 Bg7 6. Bd3 O-O 7. h3 Nbd7 8. Nf3
Ne8 9. Bf4 Qa5 10. Qd2 a6 11. O-O Ndf6 12. Rfe1 Nh5 13. Bh2 e6 14. e5 dxe5 15.
Bxe5 exd5 16. cxd5 Bxe5 17. Nxe5 Nd6 18. a4 Qb4 19. Ne4 Qxd2 20. Nxd2 Nf4 21.
Bc2 Nxd5 0-1

[Event "XXX Memorial Edoardo Crespi B"]
[Site "Milano ITA"]
[Date "2009.12.08"]
[Round "7"]
[White "Formento, Paolo"]
[Black "Virzi, Ettore"]
[Result "1/2-1/2"]
[WhiteElo "1779"]
[BlackElo "1974"]
[PlyCount "35"]
[EventDate "2009.12.04"]

1. e4 e5 2. Nf3 Nc6 3. d4 exd4 4. Nxd4 Nf6 5. Nc3 Bb4 6. Nxc6 bxc6 7. Bd3 O-O
8. O-O d5 9. exd5 cxd5 10. Bg5 c6 11. Na4 Bd6 12. Qf3 h6 13. Bh4 Rb8 14. c3 c5
15. Bf5 Bb7 16. Rfe1 Bc6 17. b3 Re8 18. Nb2 1/2-1/2

[Event "XXX Memorial Edoardo Crespi B"]
[Site "Milano ITA"]
[Date "2009.12.08"]
[Round "7"]
[White "Gaggino, Davide"]
[Black "Lanni, Vincenzo"]
[Result "1-0"]
[WhiteElo "1963"]
[BlackElo "1803"]
[PlyCount "159"]
[EventDate "2009.12.04"]

1. Nf3 g6 2. d4 Bg7 3. e4 d6 4. c4 Nf6 5. Nc3 c6 6. Be2 O-O 7. O-O Qc7 8. h3 e5
9. Be3 h6 10. Qd2 g5 11. Rad1 Re8 12. dxe5 dxe5 13. c5 Bf8 14. b4 Be6 15. Qc2
Nbd7 16. Nd2 Bg7 17. Bc4 Nf8 18. Ne2 Ng6 19. Bxe6 Rxe6 20. g3 Bf8 21. Nc4 Ree8
22. Nc3 Red8 23. Kg2 Rxd1 24. Rxd1 Rd8 25. f3 Kg7 26. Rd2 Rxd2+ 27. Qxd2 Kg8
28. a3 Kg7 29. Na4 Kg8 30. Nab2 Kg7 31. a4 Kg8 32. a5 a6 33. Nd6 Kh7 34. Nbc4
Kg8 35. Qb2 Qe7 36. Bd2 Ne8 37. Qb3 Nxd6 38. cxd6 Qd7 39. Qd3 Bg7 40. Be3 Bf6
41. Bc5 Bd8 42. Ne3 Nf8 43. Qc4 Qe6 44. Qxe6 Nxe6 45. Nc4 f6 46. Kf2 Nxc5 47.
bxc5 Kf8 48. g4 Kf7 49. Ke2 Ke6 50. Kd3 Kf7 51. Kc3 Kg6 52. Kb4 Kf7 53. Ne3 Ke6
54. Nf5 Kd7 55. Nxh6 Ke6 56. Nf5 Kd7 57. Ne3 Ke6 58. Nc4 Kf7 59. Kc3 Ke6 60.
Kd3 Kf7 61. Ke2 Kg6 62. Kf2 Kf7 63. Kg3 Kg6 64. h4 gxh4+ 65. Kxh4 Kh6 66. Kg3
Kg6 67. f4 Kg7 68. f5 Kh7 69. Kh3 Kg7 70. Kh4 Kh6 71. Nb6 Kg7 72. Nc4 Kh6 73.
d7 Kg7 74. Nd6 Bxa5 75. Nxb7 Bc7 76. d8=Q Bxd8 77. Nxd8 a5 78. Nxc6 a4 79. Nb4
Kf7 80. g5 1-0

[Event "XXX Memorial Edoardo Crespi B"]
[Site "Milano ITA"]
[Date "2009.12.08"]
[Round "7"]
[White "Illyuviev, Oleg"]
[Black "Andreoni, Giuseppe"]
[Result "1-0"]
[WhiteElo "2000"]
[BlackElo "2037"]
[PlyCount "103"]
[EventDate "2009.12.04"]

1. c4 e6 2. Nc3 d5 3. cxd5 exd5 4. d4 c6 5. Bf4 Nf6 6. e3 Bf5 7. Bd3 Bxd3 8.
Qxd3 Be7 9. Nf3 O-O 10. O-O Re8 11. a3 Nbd7 12. b4 b5 13. Ne5 Nxe5 14. dxe5 Nh5
15. Rfc1 a5 16. Rab1 axb4 17. axb4 Nxf4 18. exf4 Qd7 19. Ne2 Ra4 20. Nd4 Rc8
21. Qd2 c5 22. bxc5 Rxc5 23. Rd1 Rac4 24. Nb3 Rc8 25. Qxd5 Qxd5 26. Rxd5 Rxf4
27. Rxb5 Rc2 28. Rb8+ Bf8 29. Rf1 Rb2 30. f3 g5 31. Rc1 Kg7 32. Rcc8 Rb4 33.
Rxf8 R4xb3 34. Rg8+ Kh6 35. Rxb3 Rxb3 36. Kf2 Rb5 37. Re8 Kg6 38. Re7 h5 39.
Kg3 Rb2 40. e6 f5 41. Re8 f4+ 42. Kh3 Re2 43. e7 Kf7 44. Rh8 Kxe7 45. Rxh5 Kf6
46. Rh8 Rf2 47. Ra8 Kg6 48. Ra6+ Kg7 49. Ra3 Re2 50. g3 Re3 51. Rxe3 fxe3 52.
Kg2 1-0

[Event "XXX Memorial Edoardo Crespi B"]
[Site "Milano ITA"]
[Date "2009.12.08"]
[Round "7"]
[White "Kimbin, Richard Conrod"]
[Black "Perrotta, Leopoldo"]
[Result "1/2-1/2"]
[WhiteElo "1935"]
[BlackElo "1843"]
[PlyCount "54"]
[EventDate "2009.12.04"]

1. Nf3 Nf6 2. g3 d5 3. Bg2 c6 4. d3 Bf5 5. Nh4 Be6 6. Nf3 g6 7. Nd4 Bd7 8. c4
Bg7 9. cxd5 Nxd5 10. Nb3 Na6 11. e4 Nf6 12. Nc3 O-O 13. O-O Qc8 14. e5 Ng4 15.
d4 Rd8 16. Qe2 Nh6 17. Re1 Be6 18. Nc5 Rxd4 19. Nxa6 Bc4 20. Qf3 Bxa6 21. Be3
Rd8 22. Bc5 Qc7 23. e6 Rf8 24. Qe4 f5 25. Qh4 Rfe8 26. Rad1 Rad8 27. Rxd8 Qxd8
1/2-1/2

[Event "XXX Memorial Edoardo Crespi B"]
[Site "Milano ITA"]
[Date "2009.12.08"]
[Round "7"]
[White "Marinc, Damir"]
[Black "Piantoni, Pierino"]
[Result "1-0"]
[WhiteElo "2022"]
[BlackElo "1939"]
[PlyCount "91"]
[EventDate "2009.12.04"]

1. e4 e6 2. Qe2 c5 3. g3 Nc6 4. Nf3 g6 5. Bg2 Bg7 6. O-O Nge7 7. d3 O-O 8. c3
d6 9. h4 e5 10. Nh2 f5 11. f4 Be6 12. h5 Qd7 13. hxg6 hxg6 14. Nf3 fxe4 15.
dxe4 Bh6 16. f5 Bxc1 17. fxe6 Qxe6 18. Rxc1 Qg4 19. Nbd2 Qxg3 20. Rf1 Kg7 21.
Rf2 Rh8 22. Nf1 Qg4 23. N3h2 Qxe2 24. Rxe2 g5 25. Rd1 Rad8 26. Red2 Nc8 27. Ne3
Kf7 28. Nf5 Ke6 29. Bf1 d5 30. Rxd5 Rxd5 31. Rxd5 Rd8 32. Bc4 Rxd5 33. Bxd5+
Kd7 34. Bxc6+ bxc6 35. Nf3 Ke6 36. Nxg5+ Kf6 37. Nf3 Nb6 38. Ne3 a5 39. Kf2 a4
40. Ke2 Ke6 41. Nd2 Kf6 42. Ndc4 Nd7 43. Ng4+ Ke6 44. Ke3 Nb8 45. a3 Nd7 46.
Kd3 1-0

[Event "XXX Memorial Edoardo Crespi B"]
[Site "Milano ITA"]
[Date "2009.12.08"]
[Round "7"]
[White "Olivieri, Alessandro"]
[Black "Bisignano, Giuseppe"]
[Result "1-0"]
[WhiteElo "1800"]
[BlackElo "1930"]
[PlyCount "47"]
[EventDate "2009.12.04"]

1. d4 Nf6 2. c4 e6 3. Nc3 c5 4. d5 exd5 5. cxd5 g6 6. e4 d6 7. f4 Bg7 8. Bb5+
Bd7 9. e5 dxe5 10. fxe5 Nh5 11. Nf3 Bxb5 12. Nxb5 O-O 13. O-O Na6 14. Nc3 Qd7
15. Qa4 Qxa4 16. Nxa4 Bh8 17. g4 Ng7 18. Bh6 Rad8 19. Rad1 b5 20. Nc3 Rb8 21.
Ne4 Rfd8 22. Nf6+ Kf8 23. Ng5 Rb6 24. d6 1-0

[Event "XXX Memorial Edoardo Crespi B"]
[Site "Milano ITA"]
[Date "2009.12.08"]
[Round "7"]
[White "Orsi, Matteo"]
[Black "Murli, Almerico"]
[Result "1-0"]
[WhiteElo "1960"]
[BlackElo "1816"]
[PlyCount "87"]
[EventDate "2009.12.04"]

1. Nf3 g6 2. d4 Bg7 3. c4 Nf6 4. Nc3 O-O 5. e4 d6 6. h3 e5 7. d5 a5 8. Be3 Na6
9. g4 Bd7 10. Be2 Qe7 11. Qd2 Rfc8 12. O-O-O a4 13. a3 b6 14. Ne1 Nc5 15. Bxc5
bxc5 16. g5 Ne8 17. h4 f6 18. Nd3 Rcb8 19. Rdg1 Qf8 20. h5 fxg5 21. hxg6 h6 22.
Nb5 Rb7 23. Bg4 Bxg4 24. Rxg4 Nf6 25. f3 Nxg4 26. fxg4 Qf6 27. Nc3 Rf8 28. Nd1
Rb3 29. Ne3 Qxg6 30. Nf5 Qf6 31. Kc2 Rfb8 32. Qa5 Rxd3 33. Kxd3 Rxb2 34. Qxa4
Rg2 35. Qd7 Qf7 36. Qc8+ Kh7 37. Ra1 Rxg4 38. a4 h5 39. Rb1 Rg3+ 40. Kc2 Rg2+
41. Kb3 Re2 42. Qe6 Kg8 43. Qxf7+ Kxf7 44. a5 1-0

[Event "XXX Memorial Edoardo Crespi B"]
[Site "Milano ITA"]
[Date "2009.12.08"]
[Round "7"]
[White "Oteri, Aldo"]
[Black "Bossoni, Mario"]
[Result "0-1"]
[WhiteElo "1826"]
[BlackElo "1971"]
[PlyCount "32"]
[EventDate "2009.12.04"]

1. e4 c5 2. Nf3 e6 3. d4 cxd4 4. Nxd4 Nf6 5. Nc3 d6 6. g4 e5 7. Nf5 h5 8. g5
Nxe4 9. Bb5+ Nc6 10. Nxg7+ Bxg7 11. Nxe4 d5 12. Nf6+ Bxf6 13. gxf6 Qa5+ 14. c3
Qxb5 15. a4 Qc4 16. Qc2 Nd4 0-1

[Event "XXX Memorial Edoardo Crespi B"]
[Site "Milano ITA"]
[Date "2009.12.08"]
[Round "7"]
[White "Palmieri, Giovanni"]
[Black "Olivo, Mario"]
[Result "1-0"]
[WhiteElo "1764"]
[BlackElo "1827"]
[PlyCount "75"]
[EventDate "2009.12.04"]

1. d4 Nf6 2. c4 e6 3. Nc3 Bb4 4. Bg5 Bxc3+ 5. bxc3 d6 6. e3 Nbd7 7. Bd3 c5 8.
d5 e5 9. Qc2 h6 10. Bh4 O-O 11. f3 Qa5 12. e4 g5 13. Bf2 Nh5 14. Ne2 Ndf6 15.
Qd2 Kg7 16. O-O Bd7 17. h4 Nh7 18. hxg5 hxg5 19. Be3 f6 20. g3 Qd8 21. Kg2 Rh8
22. Rh1 Be8 23. Rh2 Bg6 24. Rah1 Nf8 25. Kf1 Rh7 26. f4 gxf4 27. gxf4 Qe7 28.
Qe1 exf4 29. Nxf4 Nxf4 30. Rxh7+ Nxh7 31. Bxf4 Rh8 32. Qg3 Rd8 33. e5 Ng5 34.
Bxg6 Kxg6 35. e6 a6 36. Qd3+ f5 37. Rg1 Qf6 38. Bxg5 1-0

[Event "XXX Memorial Edoardo Crespi B"]
[Site "Milano ITA"]
[Date "2009.12.08"]
[Round "7"]
[White "Pepe, Mario"]
[Black "Mouflih, Caesar Faycal"]
[Result "0-1"]
[WhiteElo "2039"]
[BlackElo "1843"]
[PlyCount "92"]
[EventDate "2009.12.04"]

1. e4 e5 2. Nf3 Nc6 3. Bb5 a6 4. Ba4 Nf6 5. O-O b5 6. Bb3 Be7 7. Re1 O-O 8. c3
d6 9. d3 Na5 10. Bc2 c5 11. a4 Bb7 12. d4 exd4 13. cxd4 Qc7 14. Bd2 Nc4 15. Bc3
d5 16. exd5 b4 17. d6 Bxd6 18. dxc5 bxc3 19. cxd6 cxb2 20. Ra2 Qb6 21. Qd3 Bxf3
22. gxf3 Nxd6 23. Bb3 Qa5 24. Rd1 Rad8 25. Rxb2 Qg5+ 26. Kh1 Nb7 27. Qxa6 Rxd1+
28. Bxd1 Nc5 29. Qc4 Rd8 30. Be2 Ne6 31. Rb5 Nd5 32. Qg4 Qc1+ 33. Qg1 Qc2 34.
Bd1 Qd3 35. Rb3 Qd4 36. a5 Nef4 37. Bc2 Nh3 38. Qf1 Nxf2+ 39. Kg2 Nf4+ 40. Kg3
N2h3 41. Bf5 Ng5 42. h4 Nh5+ 43. Kg2 Qxh4 44. Bc2 Nf4+ 45. Kg1 Ngh3+ 46. Kh2
Nf2+ 0-1